[Event "NED-ch KO (Women)"]
[Site "Venlo"]
[Date "2025.07.12"]
[Round "3.3"]
[White "Duson, Robin"]
[Black "Haast, Anne"]
[Result "1-0"]
[WhiteElo "2143"]
[BlackElo "2272"]
[PlyCount "77"]
[EventDate "2025.07.05"]
[EventType "k.o."]
[EventRounds "4"]
[EventCountry "NED"]
[SourceTitle "CB29_2025"]
[SourceDate "2025.07.16"]
[SourceVersion "1"]
[SourceVersionDate "2025.07.16"]
[SourceQuality "1"]

1. d4 e6 2. c4 f5 3. Nf3 Nf6 4. g3 d5 5. Bg2 c6 6. 0-0 Bd6 7. b3 Qe7 8. a4 a5 9. Ba3 Bxa3 10. Nxa3 0-0 11. Nc2 b6 12. Nce1 Bb7 13. cxd5 exd5 14. Nd3 c5 15. Rc1 Nbd7 16. e3 Rac8 17. dxc5 bxc5 18. Qd2 Ne4 19. Qxa5 Ra8 20. Qc7 Ba6 21. Rfd1 Rfc8 22. Qf4 Qf6 23. Nde5 Nf8 24. h4 h6 25. h5 Rd8 26. Bh3 Bc8 27. Qh4 Ng5 28. Bg2 c4 29. bxc4 Rxa4 30. Qd4 Nfe6 31. Qb6 Nxf3+ 32. Nxf3 Ra6 33. Qb4 d4 34. exd4 Nxd4 35. Nxd4 Rxd4 36. Qb8 Rxd1+ 37. Rxd1 Qf8 38. Qc7 Be6 39. Rd8 1-0

[Event "Groningen op 60th"]
[Site "Groningen"]
[Date "2024.12.27"]
[Round "6"]
[White "Duson, Robin"]
[Black "Van Helvoort, Rob AM"]
[Result "1-0"]
[WhiteElo "2159"]
[BlackElo "2135"]
[PlyCount "127"]
[EventDate "2024.12.21"]
[EventType "swiss"]
[EventRounds "9"]
[EventCountry "NED"]
[SourceTitle "CB02_2025"]
[SourceDate "2025.01.08"]
[SourceVersion "1"]
[SourceVersionDate "2025.01.08"]
[SourceQuality "1"]

1. d4 Nf6 2. c4 e6 3. Nc3 Bb4 4. e3 0-0 5. Bd2 d5 6. Nf3 b6 7. cxd5 exd5 8. Rc1 Bb7 9. Bd3 Nbd7 10. 0-0 a6 11. Ne5 Bxc3 12. Bxc3 Ne4 13. Nxd7 Qxd7 14. Be1 Rac8 15. f3 Nd6 16. Bf2 Rfe8 17. Re1 g6 18. b3 f5 19. Bg3 c5 20. Be5 Nf7 21. f4 Nxe5 22. fxe5 Qe7 23. Qf3 b5 24. Qf4 c4 25. Be2 cxb3 26. axb3 Rxc1 27. Rxc1 Rc8 28. Rxc8+ Bxc8 29. Bf3 Be6 30. h4 a5 31. Bd1 Kg7 32. h5 gxh5 33. Qf1 Qg5 34. Qd3 Qg3 35. Kf1 f4 36. Bc2 fxe3 37. Qxh7+ Kf8 38. Qh8+ Ke7 39. Qf6+ Kd7 40. Bd3 e2+ 41. Bxe2 Qxb3 42. Qg7+ Kc6 43. Qe7 Qb1+ 44. Kf2 Qf5+ 45. Kg1 Bd7 46. Bf3 Be6 47. Qc5+ Kd7 48. Qxb5+ Ke7 49. Qxa5 Qg5 50. Qc7+ Kf8 51. Qc3 h4 52. Bd1 Kg7 53. Qf3 Bf5 54. Kh2 Kf8 55. Bb3 Ke7 56. Bxd5 Bg6 57. Qa3+ Ke8 58. Qa8+ Ke7 59. Qa3+ Ke8 60. Bc6+ Kf7 61. Qf3+ Bf5 62. d5 Kg8 63. Be8 Kh7 64. Qh5+ 1-0

[Event "Hoogeveen op 27th"]
[Site "Hoogeveen"]
[Date "2024.10.31"]
[Round "7"]
[White "De Wit, Michel"]
[Black "Duson, Robin"]
[Result "1/2-1/2"]
[WhiteElo "2108"]
[BlackElo "2177"]
[PlyCount "91"]
[EventDate "2024.10.26"]
[EventType "swiss"]
[EventRounds "9"]
[EventCountry "NED"]
[SourceTitle "CB45_2024"]
[Source "ChessBase"]
[SourceDate "2024.11.06"]
[SourceVersion "1"]
[SourceVersionDate "2024.11.06"]
[SourceQuality "1"]

1. d4 Nf6 2. c4 e6 3. Nf3 d5 4. Nc3 Nbd7 5. e3 Be7 6. Bd3 dxc4 7. Bxc4 a6 8. a4 0-0 9. 0-0 c5 10. e4 cxd4 11. Nxd4 Qc7 12. Bxe6 fxe6 13. Nxe6 Qc4 14. Nxf8 Bxf8 15. Bg5 h6 16. Bxf6 Nxf6 17. e5 Ng4 18. Nd5 Qc6 19. Rc1 Qg6 20. Nc7 Rb8 21. Qd5+ Kh7 22. Rfe1 b6 23. Rc6 Qf5 24. Qf3 Bc5 25. Qxf5+ Bxf5 26. Rxc5 bxc5 27. f3 Nxe5 28. Rxe5 Bd3 29. Rxc5 Rxb2 30. Rc3 Rb1+ 31. Kf2 Rb2+ 32. Ke3 Bf1 33. g4 Rxh2 34. Rc1 Re2+ 35. Kd4 Rf2 36. Ke3 Re2+ 37. Kf4 g5+ 38. Kf5 Rf2 39. Ke6 Rxf3 40. Nd5 h5 41. Nf6+ Kh6 42. Rc8 Bd3 43. Nxh5 Re3+ 44. Kf6 Rf3+ 45. Ke5 Re3+ 46. Kf6 1/2-1/2

[Event "Hoogeveen op 27th"]
[Site "Hoogeveen"]
[Date "2024.10.30"]
[Round "5"]
[White "Kukushkin, Ivan"]
[Black "Duson, Robin"]
[Result "1/2-1/2"]
[WhiteElo "2084"]
[BlackElo "2177"]
[PlyCount "102"]
[EventDate "2024.10.26"]
[EventType "swiss"]
[EventRounds "9"]
[EventCountry "NED"]
[SourceTitle "CB45_2024"]
[Source "ChessBase"]
[SourceDate "2024.11.06"]
[SourceVersion "1"]
[SourceVersionDate "2024.11.06"]
[SourceQuality "1"]

1. e4 e5 2. Nf3 Nc6 3. Bb5 a6 4. Ba4 Nf6 5. 0-0 Be7 6. Bxc6 dxc6 7. d3 Bd6 8. Nbd2 Be6 9. Nb3 a5 10. Qe1 a4 11. Na5 Qb8 12. Ng5 Bd7 13. Nc4 b5 14. Nxd6+ cxd6 15. f4 h6 16. fxe5 dxe5 17. Nf3 Nh5 18. Be3 0-0 19. Qh4 Nf4 20. Bxf4 exf4 21. e5 f6 22. Qxf4 Qb6+ 23. d4 fxe5 24. Qxe5 Rae8 25. Qd6 Bf5 26. c3 Rf6 27. Qg3 b4 28. Ne5 c5 29. Rad1 a3 30. Nc4 Qa6 31. b3 bxc3 32. Qxc3 Re2 33. Rd2 cxd4 34. Qxd4 Qe6 35. Rxe2 Qxe2 36. Qf2 Qe4 37. Re1 Qc6 38. Qf3 Qc5+ 39. Qe3 Qb4 40. Rf1 Re6 41. Qf3 Qc5+ 42. Qf2 Qxf2+ 43. Kxf2 Bd3 44. Re1 Bxc4 45. bxc4 Rb6 46. Re2 Rb4 47. Rc2 Rb2 48. Re2 Rb4 49. Re3 Rb2+ 50. Re2 Rb4 51. Re3 Rb2+ 1/2-1/2

[Event "Hoogeveen op 27th"]
[Site "Hoogeveen"]
[Date "2024.10.28"]
[Round "3"]
[White "Den Heijer, Rolinde"]
[Black "Duson, Robin"]
[Result "0-1"]
[WhiteElo "2018"]
[BlackElo "2177"]
[PlyCount "86"]
[EventDate "2024.10.26"]
[EventType "swiss"]
[EventRounds "9"]
[EventCountry "NED"]
[SourceTitle "CB45_2024"]
[Source "ChessBase"]
[SourceDate "2024.11.06"]
[SourceVersion "1"]
[SourceVersionDate "2024.11.06"]
[SourceQuality "1"]

1. e4 e5 2. Nf3 Nc6 3. Bc4 Nf6 4. d3 Bc5 5. c3 d6 6. Bb3 a5 7. 0-0 Ba7 8. Re1 h6 9. Nbd2 0-0 10. h3 Be6 11. Ba4 Rb8 12. Nf1 b5 13. Bc2 d5 14. exd5 Nxd5 15. Qe2 Re8 16. Bd2 Bf5 17. Ng3 Bh7 18. Qf1 Qd7 19. Rad1 Rbd8 20. Bb1 b4 21. Bc2 bxc3 22. bxc3 Nf4 23. Bxf4 exf4 24. Ne4 Ne5 25. Nxe5 Rxe5 26. d4 Ree8 27. Qc4 Qe6 28. Qxc7 Bb8 29. Qxa5 f3 30. Qh5 fxg2 31. Re3 Qxa2 32. Bb1 Qa8 33. Nf6+ gxf6 34. Bxh7+ Kg7 35. Bb1 Rxe3 36. fxe3 Qc6 37. Qg4+ Kf8 38. Qh5 Qxc3 39. Qxh6+ Ke7 40. Be4 Rg8 41. Bd3 Qb2 42. Qh5 Bh2+ 43. Kxh2 g1Q# 0-1

[Event "Hoogeveen op 27th"]
[Site "Hoogeveen"]
[Date "2024.10.27"]
[Round "2"]
[White "Duson, Robin"]
[Black "Goudriaan, Rafael"]
[Result "0-1"]
[WhiteElo "2177"]
[BlackElo "2101"]
[PlyCount "110"]
[EventDate "2024.10.26"]
[EventType "swiss"]
[EventRounds "9"]
[EventCountry "NED"]
[SourceTitle "CB45_2024"]
[Source "ChessBase"]
[SourceDate "2024.11.06"]
[SourceVersion "1"]
[SourceVersionDate "2024.11.06"]
[SourceQuality "1"]

1. d4 e6 2. c4 b6 3. a3 Nf6 4. Nc3 Bb7 5. Nf3 Be7 6. d5 0-0 7. e4 d6 8. Be2 c6 9. 0-0 cxd5 10. cxd5 exd5 11. exd5 Nbd7 12. Re1 Re8 13. b4 Rc8 14. Bb2 Nh5 15. Qd2 Bf6 16. Nb5 Bxb2 17. Qxb2 Ndf6 18. Nxa7 Ra8 19. Nc6 Qd7 20. Nfd4 Nf4 21. b5 N6xd5 22. Bf1 Qg4 23. Kh1 h5 24. Qb3 Nf6 25. h3 Qg5 26. Qf3 Ne6 27. Nxe6 fxe6 28. Rad1 Qc5 29. Qe3 Rxa3 30. Qxc5 dxc5 31. Bc4 Bxc6 32. bxc6 Ra7 33. Rxe6 Rxe6 34. Bxe6+ Kf8 35. Rb1 Ke7 36. Bf5 Kd6 37. Rxb6 Kc7 38. Rb2 Kxc6 39. g4 hxg4 40. hxg4 Ra4 41. f3 c4 42. Kg1 c3 43. Rc2 Ra3 44. Kf2 Kc5 45. Be6 Nd5 46. Bxd5 Kxd5 47. Rc1 Kd4 48. f4 Ra2+ 49. Kf3 c2 50. f5 Kd3 51. Kf4 Kd2 52. Rh1 c1Q 53. Rxc1 Kxc1 54. g5 Ra5 55. f6 g6 0-1

[Event "Barcelona Sants op 25th"]
[Site "Barcelona"]
[Date "2024.08.24"]
[Round "2"]
[White "Duson, Robin"]
[Black "Asis Gargatagli, Hipolito"]
[Result "1/2-1/2"]
[WhiteElo "2152"]
[BlackElo "2456"]
[PlyCount "249"]
[EventDate "2024.08.23"]
[EventType "swiss"]
[EventRounds "10"]
[EventCountry "ESP"]
[SourceTitle "CBM 221 Extra"]
[Source "ChessBase"]
[SourceDate "2024.09.30"]
[SourceVersion "1"]
[SourceVersionDate "2024.09.30"]
[SourceQuality "1"]

1. d4 f5 2. Nf3 Nf6 3. g3 g6 4. Bg2 Bg7 5. 0-0 0-0 6. c4 d6 7. Nc3 c6 8. d5 e5 9. dxe6 Bxe6 10. b3 Na6 11. Ng5 Bc8 12. Bb2 h6 13. Nf3 Be6 14. Qc2 Nc5 15. Rad1 Qe7 16. e3 a5 17. Ne2 Rad8 18. Nf4 Bf7 19. Nh4 Kh7 20. f3 Ne8 21. Bh3 Bxb2 22. Qxb2 Ng7 23. Rfe1 Nce6 24. Nd3 d5 25. Ne5 dxc4 26. bxc4 Qf6 27. Bf1 g5 28. Ng2 Nc5 29. f4 Bh5 30. Rxd8 Qxd8 31. Rc1 Nge6 32. Ne1 gxf4 33. exf4 Rg8 34. N1d3 Ne4 35. Bg2 Nd4 36. Re1 Rg7 37. Bxe4 fxe4 38. Rxe4 Nf3+ 39. Kg2 Nh4+ 40. Kf2 Qc8 41. Ne1 Qh3 42. Kg1 Bg6 43. Re3 Bf5 44. Ng2 Nxg2 45. Qxg2 Qh5 46. Qd2 a4 47. Qd6 b5 48. cxb5 cxb5 49. Nc6 Bh3 50. Ne7 b4 51. Qd3+ Kh8 52. Qd8+ Kh7 53. Qd3+ Kh8 54. Nd5 Bd7 55. Qd4 Qg6 56. Kf2 Bb5 57. Nxb4 Qh5 58. Kg1 Qf5 59. Nd3 Kh7 60. Ne1 Rd7 61. Qe5 Qb1 62. Qe4+ Qxe4 63. Rxe4 Rd2 64. Re7+ Kg8 65. Rb7 Be8 66. a3 Ra2 67. Nf3 Rxa3 68. Ne5 Ra1+ 69. Kg2 a3 70. Ra7 a2 71. f5 Re1 72. Rxa2 Rxe5 73. g4 Re3 74. h4 Bc6+ 75. Kh2 Be4 76. Ra7 h5 77. gxh5 Bxf5 78. Kg2 Re4 79. Ra5 Be6 80. Rg5+ Kh7 81. Kg3 Bf7 82. Rf5 Be8 83. Ra5 Kh6 84. Ra6+ Kxh5 85. Ra5+ Kh6 86. Ra6+ Kg7 87. Ra7+ Bf7 88. h5 Kf6 89. h6 Re3+ 90. Kf4 Rh3 91. h7 Rxh7 92. Ra6+ Be6 93. Rb6 Rh4+ 94. Kg3 Ra4 95. Rb8 Kg5 96. Rf8 Bd5 97. Kf2 Ra3 98. Ke2 Be6 99. Kd2 Bf5 100. Rg8+ Kf4 101. Rf8 Ke5 102. Re8+ Kd4 103. Rd8+ Kc4 104. Ke2 Be4 105. Kf2 Bd5 106. Rc8+ Kd4 107. Rd8 Rf3+ 108. Ke2 Rg3 109. Kd2 Rg2+ 110. Kd1 Ra2 111. Rd7 Ke4 112. Kc1 Bc4 113. Rd2 Ra3 114. Kb2 Rb3+ 115. Kc2 Rb6 116. Rh2 Bd3+ 117. Kc3 Rc6+ 118. Kb4 Kd4 119. Rh4+ Be4 120. Rg4 Rb6+ 121. Ka4 Kd5 122. Ka3 Rb8 123. Rh4 Bc2 124. Rb4 Rxb4 125. Kxb4 1/2-1/2

[Event "Bruges op"]
[Site "Bruges"]
[Date "2024.08.15"]
[Round "8"]
[White "Duson, Robin"]
[Black "Wantiez, Fabrice"]
[Result "0-1"]
[WhiteElo "2152"]
[BlackElo "2224"]
[PlyCount "130"]
[EventDate "2024.08.10"]
[EventType "swiss"]
[EventRounds "9"]
[EventCountry "BEL"]
[SourceTitle "CBM 221 Extra"]
[Source "ChessBase"]
[SourceDate "2024.09.30"]
[SourceVersion "1"]
[SourceVersionDate "2024.09.30"]
[SourceQuality "1"]

1. d4 d5 2. c4 e6 3. Nc3 Nf6 4. cxd5 exd5 5. Bg5 c6 6. e3 h6 7. Bh4 Be7 8. Bd3 0-0 9. Nge2 Re8 10. 0-0 Nbd7 11. f3 Nf8 12. Bf2 Ne6 13. Rc1 a5 14. Bb1 b5 15. Ng3 Ba6 16. Re1 Bf8 17. e4 b4 18. Nce2 dxe4 19. Nxe4 Nxe4 20. Bxe4 Bb5 21. Rxc6 Ng5 22. Rc2 Nxe4 23. fxe4 Rxe4 24. Ng3 Rxe1+ 25. Qxe1 Qd5 26. b3 Re8 27. Qc1 a4 28. bxa4 Bxa4 29. Rc4 Bb5 30. Rc2 Ra8 31. Qd2 Bc6 32. Be3 Ra3 33. Nf1 Qe4 34. Qf2 Bd5 35. Bc1 Rc3 36. Re2 Qxg2+ 37. Qxg2 Bxg2 38. Bb2 Bxf1 39. Kxf1 Rc8 40. d5 f6 41. Kg2 Bd6 42. Kf3 Kf7 43. h3 h5 44. Bd4 Ra8 45. Re6 Ra3+ 46. Ke4 Bf8 47. Rb6 Rxa2 48. Rb7+ Kg6 49. Rb8 Be7 50. Rb7 f5+ 51. Kd3 Bf6 52. d6 Ra3+ 53. Kc4 Bxd4 54. Kxd4 Kf6 55. d7 Ke7 56. Ke5 g6 57. h4 Re3+ 58. Kf4 Re4+ 59. Kg5 Rg4+ 60. Kh6 f4 61. Rxb4 Kxd7 62. Rb6 Ke7 63. Rb7+ Kf6 64. Rb8 Kf5 65. Re8 f3 0-1

[Event "Amsterdam Science Park op-A"]
[Site "Amsterdam"]
[Date "2024.07.17"]
[Round "5"]
[White "Elgersma, Onno"]
[Black "Duson, Robin"]
[Result "1/2-1/2"]
[WhiteElo "2348"]
[BlackElo "2148"]
[PlyCount "173"]
[EventDate "2024.07.13"]
[EventType "swiss"]
[EventRounds "9"]
[EventCountry "NED"]
[SourceTitle "CBM 221 Extra"]
[Source "ChessBase"]
[SourceDate "2024.09.30"]
[SourceVersion "1"]
[SourceVersionDate "2024.09.30"]
[SourceQuality "1"]

1. e4 e5 2. Nf3 Nc6 3. Bb5 a6 4. Ba4 Nf6 5. Nc3 Be7 6. d3 b5 7. Bb3 d6 8. a3 Na5 9. Ba2 c5 10. b4 Nc6 11. Nd5 Be6 12. c3 Rc8 13. 0-0 0-0 14. Be3 cxb4 15. Nxf6+ Bxf6 16. Bxe6 fxe6 17. axb4 Ra8 18. Ra2 a5 19. bxa5 Nxa5 20. Qc2 Rb8 21. Rfa1 Nc6 22. Qb3 Qd7 23. Ra6 Rfc8 24. h3 h6 25. d4 d5 26. dxe5 Nxe5 27. Nxe5 Bxe5 28. Bd4 Bxd4 29. cxd4 b4 30. Ra7 Rb7 31. Ra8 dxe4 32. d5 Rxa8 33. Rxa8+ Kh7 34. dxe6 Qd3 35. e7 Qxb3 36. e8Q Qd1+ 37. Kh2 Qd6+ 38. g3 Re7 39. Qg8+ Kg6 40. Qc4 Kh7 41. Qg8+ Kg6 42. Qc4 Re6 43. h4 Qc6 44. Qxc6 Rxc6 45. Rb8 Rc2 46. Rxb4 Rxf2+ 47. Kg1 Re2 48. Kf1 Re3 49. Kf2 Rf3+ 50. Kg2 Kf5 51. Rb7 g6 52. Re7 Ra3 53. Re8 Ra2+ 54. Kh3 Ra6 55. Kg2 Re6 56. Rf8+ Ke5 57. Ra8 Rc6 58. Kf2 Rc2+ 59. Ke3 Rc3+ 60. Kf2 Rf3+ 61. Kg2 Rf6 62. Ra5+ Kd4 63. Ra4+ Kd3 64. Ra3+ Kc2 65. Ra2+ Kc3 66. Ra3+ Kb4 67. Re3 Re6 68. Kf2 Kc4 69. Ra3 Rd6 70. Ra4+ Kd3 71. Ra3+ Kd4 72. Ra4+ Ke5 73. Ra8 Re6 74. Ra5+ Kf6 75. Ke3 h5 76. g4 hxg4 77. Rg5 Kg7 78. Rxg4 Kh6 79. Rg5 Ra6 80. Kxe4 Ra4+ 81. Kf3 Rxh4 82. Ra5 Rb4 83. Kg3 g5 84. Ra8 Kh5 85. Rh8+ Kg6 86. Rg8+ Kh5 87. Rh8+ 1/2-1/2

[Event "Amsterdam Science Park op-A"]
[Site "Amsterdam"]
[Date "2024.07.15"]
[Round "3"]
[White "Weber, Samuel"]
[Black "Duson, Robin"]
[Result "1-0"]
[WhiteElo "2220"]
[BlackElo "2148"]
[PlyCount "49"]
[EventDate "2024.07.13"]
[EventType "swiss"]
[EventRounds "9"]
[EventCountry "NED"]
[SourceTitle "CBM 221 Extra"]
[Source "ChessBase"]
[SourceDate "2024.09.30"]
[SourceVersion "1"]
[SourceVersionDate "2024.09.30"]
[SourceQuality "1"]

1. c4 e5 2. g3 c6 3. d4 e4 4. Qa4 Nf6 5. Nc3 d6 6. Bg2 Bf5 7. Bg5 Be7 8. Bxf6 Bxf6 9. Bxe4 Bxd4 10. Bxf5 Qf6 11. Qc2 g6 12. Ne4 Qe7 13. Bh3 0-0 14. Nf3 Bxb2 15. Qxb2 Qxe4 16. Qd4 Qc2 17. Qd3 Qb2 18. 0-0 Re8 19. e3 Na6 20. Qb3 Qf6 21. Qxb7 Nc5 22. Qxc6 Ne4 23. Bg2 Nc3 24. c5 Red8 25. cxd6 1-0

[Event "NED-ch (Women) KO"]
[Site "Utrecht"]
[Date "2024.07.11"]
[Round "3.3"]
[White "Haast, Anne"]
[Black "Duson, Robin"]
[Result "1/2-1/2"]
[WhiteElo "2294"]
[BlackElo "2148"]
[PlyCount "109"]
[EventDate "2024.07.06"]
[EventType "k.o."]
[EventRounds "4"]
[EventCountry "NED"]
[SourceTitle "CBM 221 Extra"]
[Source "ChessBase"]
[SourceDate "2024.09.30"]
[SourceVersion "1"]
[SourceVersionDate "2024.09.30"]
[SourceQuality "1"]

1. e4 c5 2. Nf3 e6 3. d4 cxd4 4. Nxd4 Nc6 5. Nc3 Qc7 6. Be3 a6 7. Nxc6 bxc6 8. Qf3 Nf6 9. Qg3 Qxg3 10. hxg3 e5 11. 0-0-0 d6 12. f3 Be6 13. g4 Be7 14. Be2 Nd7 15. g3 f6 16. f4 0-0 17. g5 fxg5 18. fxg5 g6 19. b3 a5 20. Na4 d5 21. c4 d4 22. Bd2 Rf2 23. Rde1 Ba3+ 24. Kc2 Bb4 25. Kd3 Raf8 26. Ref1 Bxd2 27. Kxd2 Bg4 28. Rxf2 Rxf2 29. Re1 Rg2 30. c5 Rxg3 31. Bxg4 Rxg4 32. Kd3 Rg2 33. a3 Ra2 34. Kc4 Rxa3 35. Nb6 Nb8 36. Nc8 Ra2 37. Rc1 Kg7 38. Nd6 a4 39. bxa4 Rxa4+ 40. Kd3 Na6 41. Ke2 Ra5 42. Nb7 Rb5 43. Nd8 Kf8 44. Nxc6 Rxc5 45. Rxc5 Nxc5 46. Nxe5 Nxe4 47. Nf3 Ke7 48. Kd3 Nd6 49. Kxd4 Ke6 50. Ke3 Kf5 51. Kf2 Ne4+ 52. Kg2 Kf4 53. Kh2 Nf2 54. Nd2 Ne4 55. Nxe4 1/2-1/2

[Event "Helmond Rapid op"]
[Site "Helmond"]
[Date "2024.06.15"]
[Round "2"]
[White "Duson, Robin"]
[Black "Robinson, Roland1"]
[Result "1-0"]
[WhiteElo "2148"]
[BlackElo "1803"]
[PlyCount "49"]
[EventDate "2024.06.15"]
[EventType "swiss (rapid)"]
[EventRounds "9"]
[EventCountry "NED"]
[SourceTitle "CBM 220 Extra"]
[Source "ChessBase"]
[SourceDate "2024.07.31"]
[SourceVersion "1"]
[SourceVersionDate "2024.07.31"]
[SourceQuality "1"]

1. d4 b5 2. e4 Bb7 3. Bxb5 Bxe4 4. Nf3 Nf6 5. 0-0 e6 6. c4 Be7 7. Nc3 Bb7 8. Ba4 0-0 9. d5 Na6 10. Bc2 exd5 11. cxd5 d6 12. a3 Nc5 13. b4 Ncd7 14. Bb2 Nb6 15. Qd3 g6 16. Bb3 a5 17. Rfe1 axb4 18. axb4 Rxa1 19. Bxa1 Re8 20. Qd4 Nbd7 21. Ne4 Qa8 22. h3 Qa6 23. Bb2 Qb6 24. Nxf6+ Nxf6 25. Rxe7 1-0

[Event "Helmond Rapid op"]
[Site "Helmond"]
[Date "2024.06.15"]
[Round "5"]
[White "Van der Hagen, Loek"]
[Black "Duson, Robin"]
[Result "1-0"]
[WhiteElo "2334"]
[BlackElo "2148"]
[PlyCount "97"]
[EventDate "2024.06.15"]
[EventType "swiss (rapid)"]
[EventRounds "9"]
[EventCountry "NED"]
[SourceTitle "CBM 220 Extra"]
[Source "ChessBase"]
[SourceDate "2024.07.31"]
[SourceVersion "1"]
[SourceVersionDate "2024.07.31"]
[SourceQuality "1"]

1. e4 c5 2. Nc3 Nc6 3. Nge2 e6 4. d4 cxd4 5. Nxd4 Qc7 6. Be3 a6 7. Qf3 h5 8. 0-0-0 b5 9. Qg3 Qxg3 10. hxg3 Bb7 11. f3 Bc5 12. Nf5 Bxe3+ 13. Nxe3 0-0-0 14. a4 b4 15. Ne2 Nge7 16. Nf4 g6 17. Nc4 Kc7 18. Nd6 Ne5 19. Be2 Nc8 20. Nxb7 Kxb7 21. Rd4 a5 22. Rhd1 g5 23. Nd3 Nxd3+ 24. R1xd3 d6 25. c3 bxc3 26. Rxc3 Nb6 27. Bb5 d5 28. Bc6+ Ka6 29. exd5 Nxd5 30. Bxd5 Rxd5 31. Rxd5 exd5 32. Rc6+ Kb7 33. Rf6 h4 34. Rxf7+ Kc6 35. Rg7 hxg3 36. Rxg5 Kc5 37. Kc2 Kd4 38. Rxg3 Ke3 39. Rg5 Rc8+ 40. Kd1 d4 41. Rxa5 Rh8 42. Re5+ Kd3 43. b4 Kc3 44. b5 Ra8 45. Ke2 d3+ 46. Ke3 Rxa4 47. Rc5+ Kb4 48. Rd5 Ra2 49. g4 1-0